000 00755nam a2200229 a 4500
001 57021
003 BD-RJUL
005 20211209080447.0
008 161205s1966 ii ab 001 0 eng d
035 _a(BD-RJUL)57145
040 _aOBE
_cOBE
_dOCL
_dBD-RJUL
_beng
041 _aeng
082 _223
_a294.3095
_bDUB 1966
100 1 0 _aDutt, Sukumar,
_d1891-
_9169432
245 1 0 _aBuddhism in East Asia :
_ban outline of Buddhism in the history and culture of the peoples of East Asia /
_cSukumar Dutt.
260 _aIndia :
_bIndian council for Cultural Relation,
_c1966.
300 _avii, 225 p. :
_bill. ;
_c24 cm.
500 _aIncludes index
650 0 _aBuddhism
_zSoutheast Asia
_9169433
650 0 _aBuddhism
_zEast Asia
_9169434
942 _2ddc
_cBK
999 _c57021
_d57021